Central Library OPAC University of Rajshahi

A new anthology of modern poetry, (Record no. 21820)

MARC details
000 -LEADER
fixed length control field 00954nam a2200277I 4500
001 - CONTROL NUMBER
control field 21820
003 - CONTROL NUMBER IDENTIFIER
rucl marc code BD-RjUL
005 - DATE AND TIME OF LATEST TRANSACTION
control field 20211209000731.0
008 - FIXED-LENGTH DATA ELEMENTS--GENERAL INFORMATION
fixed length control field 140305s1946 nyu 000 1 eng d
035 ## - SYSTEM CONTROL NUMBER
System control number (BD-RjUL)21885
-- (OCoLC)00997668
040 ## - CATALOGING SOURCE
Original cataloging agency DLC
Transcribing agency WSU
Modifying agency OCL
-- SER
-- MYG
-- BD-RjUL
Language of cataloging eng
041 ## - LANGUAGE CODE
Language code of text/sound track or separate title eng
082 00 - DEWEY DECIMAL CLASSIFICATION NUMBER
Classification number 821.91082
Author mark and year NEW 1946
245 12 - TITLE STATEMENT
Title A new anthology of modern poetry,
Statement of responsibility, etc. edited, with an introduction, by Selden Rodman.
260 ## - PUBLICATION, DISTRIBUTION, ETC. (IMPRINT)
Place of publication, distribution, etc. New York :
Name of publisher, distributor, etc. The Modern Library,
Date of publication, distribution, etc. 1946.
300 ## - PHYSICAL DESCRIPTION
Pagination xlvi, 488 p. ;
Size 21 cm.
490 1# - SERIES STATEMENT
Series statement The Modern library of the world's best books
504 ## - BIBLIOGRAPHY, ETC. NOTE
Bibliography, etc "Biographical notes": p. 437-475. and index.
650 #0 - SUBJECT ADDED ENTRY--TOPICAL TERM
Topical term or geographic name as entry element American poetry
Chronological subdivision 20th century.
9 (RLIN) 51744
Topical term or geographic name as entry element English poetry
Chronological subdivision 20th century.
9 (RLIN) 67368
700 1# - ADDED ENTRY--PERSONAL NAME
Personal name Rodman, Selden,
Dates associated with a name 1909-2002.
830 #0 - SERIES ADDED ENTRY--UNIFORM TITLE
Uniform title Modern library of the world's best books.
942 ## - ADDED ENTRY ELEMENTS (KOHA)
Source of classification or shelving scheme Dewey Decimal Classification
Koha item type Books
Holdings
Lost status Source of classification or shelving scheme Damaged status Not for loan Collection code Permanent Location Current Location Shelving location Date acquired Source of acquisition Total Checkouts Full call number Date last seen Copy number Koha item type
  Dewey Decimal Classification   Added to bundle Fiction Central Library, University of Rajshahi Central Library, University of Rajshahi Reading Room 09/04/1962 Asia Foundation, Gift.   821.91082 NEW 1946 05/03/2014 C-1 Books